|
|
|
|
| LEADER |
00000nab a2200000 a 4500 |
| 001 |
vtls000793127 |
| 003 |
SK-MaSNL |
| 005 |
20260304142922.0 |
| 008 |
250505c2001 xo 0 slo |
| 015 |
|
|
|a SNBRB2002/06-18318
|
| 035 |
|
|
|a CLN000144782
|
| 035 |
|
|
|a urn:nbn:sk:snk-ab2jgh
|
| 035 |
|
|
|a (urnnbn)urn:nbn:sk:snk:ar-a02i6f
|
| 035 |
|
|
|a (uuid)cbb4fa2a-902e-408b-8c12-d3b6a14e2237
|
| 040 |
|
|
|a SNKBUCL
|b slo
|c SNKBUCL
|e AACR2
|
| 041 |
0 |
|
|a slo
|
| 044 |
|
|
|a xo
|c SK
|
| 080 |
|
|
|a 616.5:616.97(048)
|2 1997
|
| 080 |
|
|
|a 616.97(048)
|2 1997
|
| 100 |
1 |
|
|a Kreková, Mária
|4 aut
|9 1126052
|
| 245 |
1 |
0 |
|a V. Hegyi, E. Hegyi: Aktuálne kapitoly klinickej dermatológie a venerológie
|c Mária Kreková
|
| 650 |
0 |
7 |
|a dermatológia
|2 snkbucl
|9 902
|
| 650 |
0 |
7 |
|a venerológia
|2 snkbucl
|9 2565
|
| 650 |
0 |
7 |
|a dermatovenerológia
|2 snkbucl
|9 2445
|
| 650 |
0 |
7 |
|a klinická dermatovenerológia
|2 snkbucl
|9 1463041
|
| 650 |
0 |
7 |
|a monografie
|2 snkbucl
|9 256509
|
| 655 |
|
7 |
|a recenzie
|2 snkbucl
|9 21907
|
| 655 |
|
7 |
|a články z novín a časopisov
|2 snkbucl
|9 267496
|
| 773 |
0 |
|
|t Lekárnik
|g Roč. 6, č. 10 (2001), s. 41
|
| 787 |
0 |
8 |
|i Rec.:
|a Hegyi, Vladimír
|a Hegyi, Eugen
|t Aktuálne kapitoly klinickej dermatológie a venerológie
|t Aktuálne kapitoly klinickej dermatológie a venerológie
|d Bratislava : Medicina correctiva, 2000
|d Bratislava : Medicina correctiva, 2000
|
| 850 |
|
|
|a Slovenská národná knižnica
|
| 852 |
|
|
|a Slovenská národná knižnica
|
| 954 |
|
|
|a odborná, vedecká literatúra pôvodná (slovenská)
|2 lita
|
| 958 |
|
|
|a article27
|
| 958 |
|
|
|a OND
|
| 958 |
|
|
|a RC
|
| 958 |
|
|
|a MI
|
| 958 |
|
|
|a EUIPO
|
| 992 |
|
|
|a RBX
|
| 999 |
|
|
|c 2923713
|d 2925643
|